000
00331 a2200157 4500
001
179881
020
_a
040
_c
Magnum
100
_a
Sand, Elos
240
1
0
_a
O sapo e o ourico
_l
por
245
1
0
_a
O sapo e o ourico
362
0
_a
1899
440
1
_a
Melhoramentos
697
_a
MAGNITO: IJ/FADAS, FANTASIA
942
_c
BK
999
_c
179881
_d
179881